[Event "WCO 2016"]
[Site "?"]
[Date "2016.09.09"]
[Round "7"]
[Board "17"]
[WhiteID "1404695"]
[White "Vovk Oksana"]
[BlackID "4700562"]
[Black "Shabanaj Eglantina"]
[Result "1-0"]
[BlackElo "1932"]
[WhiteElo "2204"]
[LiveChessVersion "1.4.8"]

1. d4 {[%clk 1:30:57]} d5 {[%clk 1:30:46]} 2. c4 {[%clk 1:31:17]} c6
{[%clk 1:31:03]} 3. Nf3 {[%clk 1:31:24]} g6 {[%clk 1:31:17]} 4. cxd5
{[%clk 1:27:51]} cxd5 {[%clk 1:30:42]} 5. Nc3 {[%clk 1:28:06]} Nf6
{[%clk 1:27:43]} 6. Bf4 {[%clk 1:26:42]} Nc6 {[%clk 1:26:28]} 7. h3
{[%clk 1:24:42]} Bg7 {[%clk 1:22:29]} 8. e3 {[%clk 1:23:13]} O-O {[%clk 1:17:51]}
9. Be2 {[%clk 1:13:39]} a6 {[%clk 1:12:29]} 10. O-O {[%clk 1:11:39]} b5
{[%clk 1:10:18]} 11. a3 {[%clk 1:07:14]} Bb7 {[%clk 1:07:57]} 12. Ne1
{[%clk 0:59:45]} Ne8 {[%clk 1:05:44]} 13. Nd3 {[%clk 0:58:07]} e6
{[%clk 1:02:59]} 14. Nc5 {[%clk 0:51:00]} Qe7 {[%clk 0:58:47]} 15. Bf3
{[%clk 0:49:45]} Rd8 {[%clk 0:56:43]} 16. Rc1 {[%clk 0:44:08]} f5
{[%clk 0:51:55]} 17. Qc2 {[%clk 0:31:17]} Na5 {[%clk 0:46:26]} 18. b4
{[%clk 0:21:52]} Nc4 {[%clk 0:45:03]} 19. a4 {[%clk 0:21:38]} Ned6
{[%clk 0:40:45]} 20. axb5 {[%clk 0:19:01]} axb5 {[%clk 0:37:19]} 21. Ra1
{[%clk 0:13:12]} Ra8 {[%clk 0:36:39]} 22. Bh2 {[%clk 0:08:18]} Bc6
{[%clk 0:27:09]} 23. Rfd1 {[%clk 0:07:51]} g5 {[%clk 0:22:14]} 24. Rxa8
{[%clk 0:06:13]} Rxa8 {[%clk 0:21:39]} 25. Ne2 {[%clk 0:06:37]} Be8
{[%clk 0:18:29]} 26. Nc3 {[%clk 0:06:04]} Bf7 {[%clk 0:18:42]} 27. g4
{[%clk 0:03:27]} fxg4 {[%clk 0:12:03]} 28. hxg4 {[%clk 0:03:46]} Bg6
{[%clk 0:11:38]} 29. Qc1 {[%clk 0:03:04]} Rf8 {[%clk 0:10:12]} 30. Bg2
{[%clk 0:02:29]} h5 {[%clk 0:07:31]} 31. Nxe6 {[%clk 0:02:50]} Ne4
{[%clk 0:02:35]} 32. Nxf8 {[%clk 0:03:07]} Qxf8 {[%clk 0:03:00]} 33. Nxe4
{[%clk 0:02:22]} dxe4 {[%clk 0:03:13]} 34. Qb1 {[%clk 0:02:22]} Qe7
{[%clk 0:02:07]} 35. d5 {[%clk 0:01:58]} Be5 {[%clk 0:02:13]} 36. Bxe5
{[%clk 0:01:32]} Qxe5 {[%clk 0:02:37]} 37. gxh5 {[%clk 0:01:29]} Bxh5
{[%clk 0:01:52]} 38. Rd4 {[%clk 0:01:55]} Bg6 {[%clk 0:01:55]} 39. Qc2
{[%clk 0:01:49]} Nd6 {[%clk 0:01:46]} 40. Qc7 {[%clk 0:31:33]} g4
{[%clk 0:31:59]} 41. Qd8+ {[%clk 0:31:06]} Kg7 {[%clk 0:31:48]} 42. Qd7+
{[%clk 0:31:21]} Kf8 {[%clk 0:30:39]} 43. Qxg4 {[%clk 0:30:41]} Bf5
{[%clk 0:30:27]} 44. Qg5 {[%clk 0:30:17]} Qe7 {[%clk 0:28:53]} 45. Qxe7+
{[%clk 0:26:19]} Kxe7 {[%clk 0:29:15]} 46. f3 {[%clk 0:26:29]} exf3
{[%clk 0:29:07]} 47. Bxf3 {[%clk 0:26:55]} Kf6 {[%clk 0:29:25]} 48. Kf2
{[%clk 0:25:40]} Ke5 {[%clk 0:29:13]} 49. Ke2 {[%clk 0:24:30]} Bg6
{[%clk 0:27:17]} 50. Rg4 {[%clk 0:22:58]} Bf5 {[%clk 0:26:59]} 51. Rg5
{[%clk 0:23:08]} Kf6 {[%clk 0:27:08]} 52. Rh5 {[%clk 0:21:43]} Bg6
{[%clk 0:27:22]} 53. Rh6 {[%clk 0:21:51]} Kg5 {[%clk 0:25:51]} 54. Rxg6+
{[%clk 0:21:21]} Kxg6 {[%clk 0:26:11]} 55. Kd3 {[%clk 0:20:48]} Kf6
{[%clk 0:25:45]} 56. Kd4 {[%clk 0:20:25]} Nf5+ {[%clk 0:25:45]} 57. Kc5
{[%clk 0:20:29]} Nxe3 {[%clk 0:24:26]} 58. Kxb5 {[%clk 0:20:41]} Ke7
{[%clk 0:24:22]} 59. Kc5 {[%clk 0:20:03]} Nf5 {[%clk 0:24:07]} 60. b5
{[%clk 0:20:26]} Nd6 {[%clk 0:24:24]} 61. b6 {[%clk 0:20:39]} 1-0

[Event "WCO 2016"]
[Site "?"]
[Date "2016.09.09"]
[Round "7"]
[Board "18"]
[WhiteID "4700147"]
[White "Gjergji Rozana"]
[BlackID "1401637"]
[Black "Guindy Esmat"]
[Result "1-0"]
[BlackElo "2149"]
[WhiteElo "1947"]
[LiveChessVersion "1.4.8"]

1. e4 {[%clk 1:30:55]} e6 {[%clk 1:30:53]} 2. d4 {[%clk 1:31:15]} d5
{[%clk 1:31:18]} 3. exd5 {[%clk 1:31:30]} exd5 {[%clk 1:31:38]} 4. c4
{[%clk 1:31:48]} Nf6 {[%clk 1:30:45]} 5. Nc3 {[%clk 1:32:02]} Be7
{[%clk 1:27:35]} 6. Bf4 {[%clk 1:30:20]} O-O {[%clk 1:27:21]} 7. Nf3
{[%clk 1:29:32]} Re8 {[%clk 1:26:53]} 8. Ne5 {[%clk 1:27:11]} c5 {[%clk 1:18:23]}
9. Be2 {[%clk 1:11:34]} cxd4 {[%clk 0:59:25]} 10. Qxd4 {[%clk 1:10:17]} Bd6
{[%clk 0:53:10]} 11. cxd5 {[%clk 1:06:48]} Bg4 {[%clk 0:46:29]} 12. Nxg4
{[%clk 1:05:35]} Nxg4 {[%clk 0:40:37]} 13. Bxd6 {[%clk 1:05:41]} h5
{[%clk 0:40:22]} 14. Bg3 {[%clk 1:02:35]} Nc6 {[%clk 0:40:30]} 15. Qd2
{[%clk 1:02:12]} h4 {[%clk 0:36:28]} 16. Bf4 {[%clk 0:57:21]} Nce5
{[%clk 0:31:18]} 17. O-O {[%clk 0:55:48]} f6 {[%clk 0:31:00]} 18. h3
{[%clk 0:55:09]} g5 {[%clk 0:30:59]} 19. hxg4 {[%clk 0:54:57]} gxf4
{[%clk 0:31:12]} 20. Qxf4 {[%clk 0:55:03]} Qb6 {[%clk 0:30:54]} 21. Ne4
{[%clk 0:48:53]} Rf8 {[%clk 0:30:14]} 22. g5 {[%clk 0:48:40]} Ng6
{[%clk 0:28:20]} 23. Nxf6+ {[%clk 0:47:34]} Kg7 {[%clk 0:28:20]} 24. Qf5
{[%clk 0:47:30]} Rh8 {[%clk 0:26:39]} 25. Nh5+ {[%clk 0:46:30]} Kg8
{[%clk 0:26:06]} 26. d6 {[%clk 0:46:44]} Qxd6 {[%clk 0:24:43]} 27. Bc4+
{[%clk 0:47:04]} Kh7 {[%clk 0:25:06]} 28. Qf7# {[%clk 0:47:26]} 1-0

[Event "WCO 2016"]
[Site "?"]
[Date "2016.09.09"]
[Round "7"]
[Board "19"]
[WhiteID "1436589"]
[White "Vangsgaard Freja"]
[BlackID "4700597"]
[Black "Shabanaj Alda"]
[Result "0-1"]
[BlackElo "1881"]
[WhiteElo "1983"]
[LiveChessVersion "1.4.8"]

1. d4 {[%clk 1:30:56]} Nf6 {[%clk 1:30:49]} 2. c4 {[%clk 1:31:16]} g6
{[%clk 1:31:12]} 3. Nc3 {[%clk 1:31:35]} d5 {[%clk 1:31:37]} 4. Nf3
{[%clk 1:31:47]} Bg7 {[%clk 1:31:40]} 5. Qb3 {[%clk 1:31:55]} dxc4
{[%clk 1:29:50]} 6. Qxc4 {[%clk 1:32:08]} O-O {[%clk 1:29:53]} 7. e4
{[%clk 1:32:03]} b6 {[%clk 1:28:48]} 8. e5 {[%clk 1:26:44]} Be6 {[%clk 1:26:47]}
9. Qd3 {[%clk 1:21:37]} Nd5 {[%clk 1:26:42]} 10. Qe4 {[%clk 1:17:05]} c6
{[%clk 1:26:03]} 11. Be2 {[%clk 1:16:15]} Bf5 {[%clk 1:19:51]} 12. Qh4
{[%clk 1:12:49]} Nb4 {[%clk 1:16:33]} 13. O-O {[%clk 1:12:48]} Nc2
{[%clk 1:08:15]} 14. Bh6 {[%clk 1:12:55]} e6 {[%clk 0:54:34]} 15. Ng5
{[%clk 0:50:42]} f6 {[%clk 0:54:22]} 16. Bxg7 {[%clk 0:46:19]} fxg5
{[%clk 0:54:01]} 17. Qh6 {[%clk 0:46:40]} Nxa1 {[%clk 0:51:29]} 18. Bxf8
{[%clk 0:46:43]} Qxf8 {[%clk 0:51:51]} 19. Qxf8+ {[%clk 0:47:05]} Kxf8
{[%clk 0:52:14]} 20. Rxa1 {[%clk 0:47:21]} g4 {[%clk 0:51:46]} 21. h3
{[%clk 0:45:49]} h5 {[%clk 0:49:50]} 22. hxg4 {[%clk 0:46:08]} hxg4
{[%clk 0:49:08]} 23. g3 {[%clk 0:38:15]} Nd7 {[%clk 0:42:13]} 24. f3
{[%clk 0:26:47]} gxf3 {[%clk 0:42:27]} 25. Bxf3 {[%clk 0:27:06]} Rc8
{[%clk 0:39:39]} 26. Rc1 {[%clk 0:23:34]} Bd3 {[%clk 0:33:26]} 27. Ne4
{[%clk 0:17:21]} c5 {[%clk 0:31:10]} 28. Nd6 {[%clk 0:14:19]} Rb8
{[%clk 0:29:58]} 29. Bc6 {[%clk 0:10:26]} Ke7 {[%clk 0:27:00]} 30. Rc3
{[%clk 0:07:08]} cxd4 {[%clk 0:24:09]} 31. Rxd3 {[%clk 0:03:23]} Nxe5
{[%clk 0:24:33]} 32. Rxd4 {[%clk 0:02:26]} Nxc6 {[%clk 0:24:46]} 33. Rd2
{[%clk 0:02:40]} Rd8 {[%clk 0:23:59]} 34. Ne4 {[%clk 0:03:07]} Rxd2
{[%clk 0:23:53]} 35. Nxd2 {[%clk 0:03:35]} Nb4 {[%clk 0:23:30]} 36. a4
{[%clk 0:03:27]} Kd6 {[%clk 0:22:37]} 37. Kg2 {[%clk 0:03:19]} Kd5
{[%clk 0:22:38]} 38. g4 {[%clk 0:02:13]} Nd3 {[%clk 0:20:01]} 39. b3
{[%clk 0:01:21]} Kd4 {[%clk 0:19:25]} 40. Nf3+ {[%clk 0:30:43]} Kc3
{[%clk 0:47:40]} 41. Nh4 {[%clk 0:30:18]} Ne5 {[%clk 0:47:56]} 42. Kg3
{[%clk 0:29:45]} g5 {[%clk 0:48:21]} 43. Nf3 {[%clk 0:27:09]} Nxf3
{[%clk 0:48:19]} 44. Kxf3 {[%clk 0:27:38]} Kd3 {[%clk 0:48:41]} 45. b4
{[%clk 0:27:31]} e5 {[%clk 0:49:07]} 0-1

[Event "WCO 2016"]
[Site "?"]
[Date "2016.09.09"]
[Round "7"]
[Board "20"]
[WhiteID "4701100"]
[White "Tuzi Bruna"]
[BlackID "1444972"]
[Black "Kakulidis Ellen"]
[Result "1-0"]
[BlackElo "1928"]
[WhiteElo "1807"]
[LiveChessVersion "1.4.8"]

1. e4 {[%clk 1:30:58]} e6 {[%clk 1:30:56]} 2. d4 {[%clk 1:31:22]} d5
{[%clk 1:31:22]} 3. e5 {[%clk 1:31:48]} c5 {[%clk 1:31:47]} 4. c3
{[%clk 1:32:15]} Nc6 {[%clk 1:31:52]} 5. Nf3 {[%clk 1:32:40]} Bd7
{[%clk 1:31:41]} 6. Bd3 {[%clk 1:31:55]} cxd4 {[%clk 1:20:18]} 7. cxd4
{[%clk 1:32:14]} Nb4 {[%clk 1:16:01]} 8. Be2 {[%clk 1:29:25]} Nh6
{[%clk 1:04:18]} 9. a3 {[%clk 1:25:01]} Nc6 {[%clk 1:03:32]} 10. b4
{[%clk 1:22:29]} Nf5 {[%clk 0:57:21]} 11. O-O {[%clk 1:20:06]} Qb6
{[%clk 0:54:35]} 12. Bb2 {[%clk 1:20:26]} a6 {[%clk 0:54:17]} 13. g4
{[%clk 1:20:46]} Nfe7 {[%clk 0:50:22]} 14. Nc3 {[%clk 1:14:04]} h5
{[%clk 0:43:20]} 15. g5 {[%clk 1:05:33]} Nf5 {[%clk 0:40:12]} 16. Na4
{[%clk 1:05:16]} Qd8 {[%clk 0:33:19]} 17. Bd3 {[%clk 1:01:56]} h4
{[%clk 0:25:44]} 18. Kh1 {[%clk 0:49:52]} g6 {[%clk 0:13:58]} 19. Bxf5
{[%clk 0:43:19]} gxf5 {[%clk 0:12:51]} 20. Rg1 {[%clk 0:42:54]} Ne7
{[%clk 0:13:02]} 21. Nc5 {[%clk 0:41:19]} Bc6 {[%clk 0:09:38]} 22. g6
{[%clk 0:38:12]} Nxg6 {[%clk 0:08:11]} 23. Nxe6 {[%clk 0:38:05]} fxe6
{[%clk 0:08:03]} 24. Rxg6 {[%clk 0:38:30]} Qe7 {[%clk 0:05:27]} 25. Bc1
{[%clk 0:34:39]} Kd7 {[%clk 0:03:21]} 26. Qg1 {[%clk 0:32:40]} Re8
{[%clk 0:02:18]} 27. Ng5 {[%clk 0:30:32]} Rh6 {[%clk 0:01:28]} 28. Nxe6
{[%clk 0:30:34]} Rxg6 {[%clk 0:01:19]} 29. Nxf8+ {[%clk 0:30:38]} Rxf8
{[%clk 0:00:43]} 30. Qxg6 {[%clk 0:31:03]} Kc8 {[%clk 0:00:37]} 31. Bg5
{[%clk 0:29:56]} Qc7 {[%clk 0:00:35]} 32. e6 {[%clk 0:26:58]} Re8
{[%clk 0:00:38]} 33. Rc1 {[%clk 0:26:44]} Kb8 {[%clk 0:00:33]} 34. Qxf5
{[%clk 0:24:40]} h3 {[%clk 0:00:35]} 35. Bf4 {[%clk 0:25:03]} 1-0

[Event "WCO 2016"]
[Site "?"]
[Date "2016.09.09"]
[Round "7"]
[Board "17"]
[WhiteID "14900440"]
[White "Repkova Eva"]
[BlackID "4000730"]
[Black "Bakalarz Grazyna"]
[Result "1-0"]
[BlackElo "1953"]
[WhiteElo "2332"]
[LiveChessVersion "1.4.8"]

1. e4 {[%clk 1:30:57]} e5 {[%clk 1:30:55]} 2. Bc4 {[%clk 1:31:23]} Nf6
{[%clk 1:31:11]} 3. d3 {[%clk 1:31:50]} c6 {[%clk 1:30:47]} 4. Nf3
{[%clk 1:32:15]} d5 {[%clk 1:30:49]} 5. Bb3 {[%clk 1:32:41]} Bd6 {[%clk 1:30:50]}
6. exd5 {[%clk 1:32:52]} Nxd5 {[%clk 1:30:09]} 7. O-O {[%clk 1:32:38]} O-O
{[%clk 1:28:38]} 8. Re1 {[%clk 1:32:58]} Bg4 {[%clk 1:27:06]} 9. h3
{[%clk 1:33:23]} Bh5 {[%clk 1:26:42]} 10. Nbd2 {[%clk 1:31:15]} Nd7
{[%clk 1:24:21]} 11. Nc4 {[%clk 1:24:42]} Qc7 {[%clk 1:18:29]} 12. Qe2
{[%clk 1:20:44]} Rae8 {[%clk 1:05:23]} 13. Bg5 {[%clk 1:14:09]} Nc5
{[%clk 1:00:40]} 14. Ncd2 {[%clk 1:11:30]} Nxb3 {[%clk 0:56:12]} 15. axb3
{[%clk 1:11:56]} f6 {[%clk 0:54:26]} 16. Bh4 {[%clk 1:12:03]} Bc5
{[%clk 0:48:53]} 17. Qe4 {[%clk 1:11:01]} b5 {[%clk 0:43:58]} 18. Bg3
{[%clk 1:10:40]} Bg6 {[%clk 0:39:08]} 19. Qe2 {[%clk 1:05:01]} Qb6
{[%clk 0:37:17]} 20. Nh4 {[%clk 1:04:49]} Bf7 {[%clk 0:32:05]} 21. Ne4
{[%clk 1:04:52]} Be7 {[%clk 0:29:50]} 22. Nf5 {[%clk 1:01:36]} Bg6
{[%clk 0:28:48]} 23. Nxe7+ {[%clk 1:00:23]} Nxe7 {[%clk 0:27:27]} 24. b4
{[%clk 0:58:21]} Bxe4 {[%clk 0:23:17]} 25. dxe4 {[%clk 0:57:19]} Rd8
{[%clk 0:20:16]} 26. Qe3 {[%clk 0:57:29]} Rd7 {[%clk 0:17:33]} 27. f3
{[%clk 0:53:50]} Qxe3+ {[%clk 0:17:04]} 28. Rxe3 {[%clk 0:54:15]} Rfd8
{[%clk 0:17:20]} 29. Ra6 {[%clk 0:52:55]} Rd1+ {[%clk 0:15:37]} 30. Kh2
{[%clk 0:53:21]} R8d7 {[%clk 0:14:57]} 31. Rea3 {[%clk 0:53:02]} R1d2
{[%clk 0:13:47]} 32. Rxa7 {[%clk 0:52:59]} Rxa7 {[%clk 0:13:37]} 33. Rxa7
{[%clk 0:53:24]} Ng6 {[%clk 0:11:30]} 34. c3 {[%clk 0:53:32]} h5 {[%clk 0:11:27]}
35. h4 {[%clk 0:53:25]} Rxb2 {[%clk 0:06:14]} 36. Rc7 {[%clk 0:50:15]} Rc2
{[%clk 0:04:49]} 37. Rxc6 {[%clk 0:49:54]} Kh7 {[%clk 0:04:27]} 38. Rc5
{[%clk 0:48:17]} Rc1 {[%clk 0:03:17]} 39. Rc7 {[%clk 0:41:51]} Rc2
{[%clk 0:03:15]} 40. Kh3 {[%clk 1:11:33]} Nf8 {[%clk 0:32:31]} 41. Rc6
{[%clk 1:11:26]} Ng6 {[%clk 0:32:00]} 42. Bh2 {[%clk 1:09:38]} Kh6
{[%clk 0:24:02]} 43. Rc5 {[%clk 1:07:30]} Kh7 {[%clk 0:21:45]} 44. g3
{[%clk 1:04:50]} Rf2 {[%clk 0:20:25]} 45. f4 {[%clk 1:04:44]} exf4
{[%clk 0:18:02]} 46. Rxh5+ {[%clk 1:04:54]} Kg8 {[%clk 0:18:28]} 47. gxf4
{[%clk 1:02:44]} Rf3+ {[%clk 0:15:50]} 48. Kg4 {[%clk 0:58:18]} Rxc3
{[%clk 0:16:05]} 49. Rxb5 {[%clk 0:58:40]} Rc4 {[%clk 0:15:47]} 50. h5
{[%clk 0:58:33]} Ne7 {[%clk 0:15:56]} 51. e5 {[%clk 0:56:47]} f5+
{[%clk 0:12:27]} 52. Kh4 {[%clk 0:55:06]} Re4 {[%clk 0:11:47]} 53. Rb8+
{[%clk 0:54:11]} Kf7 {[%clk 0:09:54]} 54. b5 {[%clk 0:54:22]} Nd5
{[%clk 0:07:42]} 55. b6 {[%clk 0:53:54]} Re2 {[%clk 0:07:19]} 56. Bg3
{[%clk 0:49:48]} Rb2 {[%clk 0:06:00]} 57. b7 {[%clk 0:50:13]} Ne7
{[%clk 0:03:58]} 58. Bf2 {[%clk 0:49:24]} Nc6 {[%clk 0:03:19]} 59. Rc8
{[%clk 0:49:24]} 1-0

[Event "WCO 2016"]
[Site "?"]
[Date "2016.09.09"]
[Round "7"]
[Board "18"]
[WhiteID "4002440"]
[White "Biryukov Alice"]
[BlackID "14904888"]
[Black "Maslikova Veronika"]
[Result "0-1"]
[BlackElo "2247"]
[WhiteElo "1898"]
[LiveChessVersion "1.4.8"]

1. e4 {[%clk 1:30:56]} c5 {[%clk 1:30:50]} 2. Nc3 {[%clk 1:31:15]} d6
{[%clk 1:29:10]} 3. Nf3 {[%clk 1:31:08]} Nc6 {[%clk 1:27:24]} 4. d4
{[%clk 1:30:27]} cxd4 {[%clk 1:24:43]} 5. Nxd4 {[%clk 1:30:40]} a6
{[%clk 1:22:06]} 6. Be3 {[%clk 1:27:22]} Nf6 {[%clk 1:18:09]} 7. h3
{[%clk 1:21:53]} Bd7 {[%clk 1:12:12]} 8. Bd3 {[%clk 1:16:02]} e6 {[%clk 0:54:40]}
9. O-O {[%clk 1:13:41]} Be7 {[%clk 0:49:34]} 10. Kh1 {[%clk 1:01:05]} O-O
{[%clk 0:39:36]} 11. f4 {[%clk 0:58:27]} Qc7 {[%clk 0:34:11]} 12. Qe2
{[%clk 0:52:38]} b5 {[%clk 0:32:34]} 13. a3 {[%clk 0:49:23]} Na5 {[%clk 0:30:05]}
14. Bd2 {[%clk 0:44:41]} Nc4 {[%clk 0:25:00]} 15. e5 {[%clk 0:35:53]} Nxd2
{[%clk 0:20:52]} 16. Qxd2 {[%clk 0:28:17]} dxe5 {[%clk 0:21:11]} 17. fxe5
{[%clk 0:28:17]} Qxe5 {[%clk 0:21:23]} 18. Rae1 {[%clk 0:28:14]} Qc5
{[%clk 0:16:31]} 19. Nf3 {[%clk 0:26:02]} Bc6 {[%clk 0:16:03]} 20. Ne5
{[%clk 0:24:01]} Rad8 {[%clk 0:12:15]} 21. Qe2 {[%clk 0:20:57]} Bb7
{[%clk 0:11:14]} 22. Rf4 {[%clk 0:18:09]} Rd4 {[%clk 0:11:07]} 23. Ref1
{[%clk 0:15:08]} Rxf4 {[%clk 0:11:22]} 24. Rxf4 {[%clk 0:15:35]} Bd6
{[%clk 0:11:09]} 25. Rxf6 {[%clk 0:14:39]} Qxe5 {[%clk 0:11:16]} 26. Qxe5
{[%clk 0:14:39]} Bxe5 {[%clk 0:11:43]} 27. Rf1 {[%clk 0:14:19]} Bxc3
{[%clk 0:11:09]} 28. bxc3 {[%clk 0:14:47]} Rc8 {[%clk 0:10:48]} 29. a4
{[%clk 0:14:19]} Rxc3 {[%clk 0:10:29]} 30. axb5 {[%clk 0:13:47]} axb5
{[%clk 0:10:54]} 31. Rb1 {[%clk 0:14:11]} Bc6 {[%clk 0:10:42]} 32. Bxb5
{[%clk 0:13:55]} Bxb5 {[%clk 0:11:09]} 33. Rxb5 {[%clk 0:14:11]} g6
{[%clk 0:11:36]} 34. Rb2 {[%clk 0:14:26]} Kg7 {[%clk 0:11:36]} 35. Kg1
{[%clk 0:14:48]} Kf6 {[%clk 0:11:50]} 36. Kf1 {[%clk 0:14:35]} h5
{[%clk 0:12:05]} 37. Ke1 {[%clk 0:14:34]} g5 {[%clk 0:12:17]} 38. Kd1
{[%clk 0:14:46]} g4 {[%clk 0:12:04]} 39. h4 {[%clk 0:13:30]} Kf5 {[%clk 0:11:26]}
40. Rb4 {[%clk 0:42:58]} e5 {[%clk 0:41:23]} 41. Ra4 {[%clk 0:41:55]} f6
{[%clk 0:34:15]} 42. Ra7 {[%clk 0:40:23]} Kf4 {[%clk 0:28:29]} 43. Rh7
{[%clk 0:40:13]} Kg3 {[%clk 0:28:05]} 44. Rxh5 {[%clk 0:40:16]} Kxg2
{[%clk 0:28:28]} 45. Rf5 {[%clk 0:40:38]} Rf3 {[%clk 0:28:19]} 46. Rh5
{[%clk 0:40:08]} Kf2 {[%clk 0:28:21]} 0-1

[Event "WCO 2016"]
[Site "?"]
[Date "2016.09.09"]
[Round "7"]
[Board "19"]
[WhiteID "14906341"]
[White "Vrbova Niki"]
[BlackID "4002970"]
[Black "Kremer Nadine"]
[Result "1-0"]
[BlackElo "1844"]
[WhiteElo "2186"]
[LiveChessVersion "1.4.8"]

1. Nf3 {[%clk 1:30:56]} Nf6 {[%clk 1:30:46]} 2. c4 {[%clk 1:31:21]} g6
{[%clk 1:31:01]} 3. Nc3 {[%clk 1:31:46]} Bg7 {[%clk 1:31:17]} 4. e4
{[%clk 1:32:10]} d6 {[%clk 1:31:27]} 5. d4 {[%clk 1:32:32]} O-O {[%clk 1:31:43]}
6. h3 {[%clk 1:32:42]} e5 {[%clk 1:29:10]} 7. d5 {[%clk 1:32:45]} Nbd7
{[%clk 1:23:22]} 8. Bd3 {[%clk 1:32:09]} Nc5 {[%clk 1:23:22]} 9. Bc2
{[%clk 1:32:32]} a5 {[%clk 1:23:43]} 10. g4 {[%clk 1:30:31]} Nfd7
{[%clk 1:13:30]} 11. Rg1 {[%clk 1:20:43]} h6 {[%clk 1:08:05]} 12. Be3
{[%clk 1:19:57]} Nb6 {[%clk 1:06:47]} 13. Qe2 {[%clk 1:14:57]} Kh7
{[%clk 1:00:55]} 14. O-O-O {[%clk 1:14:32]} f5 {[%clk 0:43:28]} 15. gxf5
{[%clk 1:13:47]} gxf5 {[%clk 0:43:53]} 16. Bxc5 {[%clk 1:10:37]} dxc5
{[%clk 0:43:53]} 17. exf5 {[%clk 1:10:41]} Bxf5 {[%clk 0:43:23]} 18. Bxf5+
{[%clk 1:09:33]} Rxf5 {[%clk 0:41:46]} 19. Qe4 {[%clk 1:08:48]} Qf6
{[%clk 0:41:34]} 20. Nh4 {[%clk 1:07:38]} Rf8 {[%clk 0:40:53]} 21. Rg6
{[%clk 1:04:27]} Qxg6 {[%clk 0:29:02]} 22. Nxg6 {[%clk 1:04:38]} Kxg6
{[%clk 0:29:30]} 23. d6 {[%clk 0:58:22]} cxd6 {[%clk 0:24:11]} 24. Rxd6+
{[%clk 0:58:18]} R8f6 {[%clk 0:24:33]} 25. Rxb6 {[%clk 0:54:14]} Rxb6
{[%clk 0:23:34]} 26. Nd5 {[%clk 0:54:33]} Re6 {[%clk 0:21:42]} 27. Qg4+
{[%clk 0:53:49]} Rg5 {[%clk 0:20:01]} 28. Qxe6+ {[%clk 0:54:12]} Kh7
{[%clk 0:20:16]} 29. Ne7 {[%clk 0:53:36]} 1-0

[Event "WCO 2016"]
[Site "?"]
[Date "2016.09.09"]
[Round "7"]
[Board "20"]
[WhiteID "4001516"]
[White "Blond Hanten Elsa"]
[BlackID "14909626"]
[Black "Motycakova Monika"]
[Result "0-1"]
[BlackElo "2109"]
[WhiteElo "1745"]
[LiveChessVersion "1.4.8"]

1. e4 {[%clk 1:30:58]} c5 {[%clk 1:30:49]} 2. Nf3 {[%clk 1:31:21]} d6
{[%clk 1:31:06]} 3. d4 {[%clk 1:31:32]} cxd4 {[%clk 1:31:31]} 4. Nxd4
{[%clk 1:31:53]} Nf6 {[%clk 1:31:53]} 5. Nc3 {[%clk 1:32:08]} a6 {[%clk 1:32:10]}
6. g3 {[%clk 1:31:09]} e5 {[%clk 1:31:49]} 7. Nde2 {[%clk 1:31:18]} Be7
{[%clk 1:31:51]} 8. Bg2 {[%clk 1:31:13]} b5 {[%clk 1:31:35]} 9. h3
{[%clk 1:30:29]} Nbd7 {[%clk 1:30:56]} 10. g4 {[%clk 1:30:02]} b4
{[%clk 1:30:37]} 11. Nd5 {[%clk 1:28:57]} Nxd5 {[%clk 1:30:36]} 12. exd5
{[%clk 1:28:59]} a5 {[%clk 1:30:17]} 13. Ng3 {[%clk 1:26:53]} Ba6
{[%clk 1:27:08]} 14. a3 {[%clk 1:17:23]} O-O {[%clk 1:00:14]} 15. axb4
{[%clk 1:02:18]} axb4 {[%clk 1:00:18]} 16. Bd2 {[%clk 1:00:26]} b3
{[%clk 0:44:22]} 17. cxb3 {[%clk 0:53:17]} Nc5 {[%clk 0:44:45]} 18. Be4
{[%clk 0:42:56]} Bh4 {[%clk 0:31:59]} 19. b4 {[%clk 0:36:36]} Nxe4
{[%clk 0:22:11]} 20. Nxe4 {[%clk 0:36:55]} f5 {[%clk 0:15:23]} 21. gxf5
{[%clk 0:33:39]} Rxf5 {[%clk 0:15:38]} 22. Qg4 {[%clk 0:30:57]} Bd3
{[%clk 0:11:10]} 23. Ra3 {[%clk 0:24:08]} Rxa3 {[%clk 0:03:19]} 24. bxa3
{[%clk 0:24:27]} Bxe4 {[%clk 0:02:59]} 25. Qxe4 {[%clk 0:24:49]} Rxf2
{[%clk 0:03:27]} 26. Kd1 {[%clk 0:23:33]} Bg5 {[%clk 0:03:50]} 27. Be3
{[%clk 0:20:51]} Ra2 {[%clk 0:01:44]} 28. Rg1 {[%clk 0:20:08]} Bxe3
{[%clk 0:01:17]} 29. Qxe3 {[%clk 0:20:29]} Qc7 {[%clk 0:01:05]} 30. Ke1
{[%clk 0:15:37]} Qc2 {[%clk 0:01:15]} 0-1

[Event "WCO 2016"]
[Site "?"]
[Date "2016.09.09"]
[Round "7"]
[Board "21"]
[WhiteID "14700182"]
[White "Antonova Nadezhda"]
[BlackID "929239"]
[Black "Dimitrijevic Aleksandra"]
[Result "0-1"]
[BlackElo "2254"]
[WhiteElo "2015"]
[LiveChessVersion "1.4.8"]

1. d4 {[%clk 1:30:55]} d6 {[%clk 1:30:38]} 2. e4 {[%clk 1:30:05]} Nf6
{[%clk 1:30:50]} 3. Nd2 {[%clk 1:30:01]} e5 {[%clk 1:31:03]} 4. c3
{[%clk 1:28:53]} c5 {[%clk 1:28:50]} 5. dxe5 {[%clk 1:27:17]} dxe5
{[%clk 1:29:10]} 6. Ngf3 {[%clk 1:27:22]} Nc6 {[%clk 1:28:18]} 7. Bc4
{[%clk 1:22:18]} Be6 {[%clk 1:26:55]} 8. Qc2 {[%clk 1:17:17]} Qd7
{[%clk 1:17:58]} 9. O-O {[%clk 1:14:02]} Rd8 {[%clk 1:14:37]} 10. Bb5
{[%clk 1:08:19]} Bd6 {[%clk 1:08:51]} 11. Nc4 {[%clk 0:57:47]} Bxc4
{[%clk 1:03:59]} 12. Bxc4 {[%clk 0:58:15]} O-O {[%clk 1:03:21]} 13. Bg5
{[%clk 0:53:50]} Be7 {[%clk 0:57:19]} 14. h3 {[%clk 0:48:01]} Qc7
{[%clk 0:40:24]} 15. Bxf6 {[%clk 0:30:35]} Bxf6 {[%clk 0:40:24]} 16. Bd5
{[%clk 0:30:54]} Ne7 {[%clk 0:40:45]} 17. Rfd1 {[%clk 0:28:33]} Rd6
{[%clk 0:38:42]} 18. Rd2 {[%clk 0:25:21]} Rfd8 {[%clk 0:34:08]} 19. c4
{[%clk 0:18:08]} Kf8 {[%clk 0:18:17]} 20. Rad1 {[%clk 0:16:14]} b6
{[%clk 0:16:26]} 21. a3 {[%clk 0:13:59]} g6 {[%clk 0:13:16]} 22. Qc3
{[%clk 0:09:27]} Kg7 {[%clk 0:12:16]} 23. Qe3 {[%clk 0:08:12]} h6
{[%clk 0:11:59]} 24. g3 {[%clk 0:07:31]} g5 {[%clk 0:09:08]} 25. Kg2
{[%clk 0:06:37]} Ng6 {[%clk 0:08:25]} 26. b4 {[%clk 0:04:28]} Rc8
{[%clk 0:05:48]} 27. Rb1 {[%clk 0:02:59]} Be7 {[%clk 0:05:42]} 28. Qc3
{[%clk 0:02:47]} Rdd8 {[%clk 0:05:36]} 29. b5 {[%clk 0:03:02]} h5
{[%clk 0:04:03]} 30. a4 {[%clk 0:02:23]} Rh8 {[%clk 0:02:24]} 31. Nh2
{[%clk 0:01:54]} g4 {[%clk 0:01:58]} 32. h4 {[%clk 0:01:46]} Bd8 {[%clk 0:01:35]}
33. Nf1 {[%clk 0:01:45]} Bxh4 {[%clk 0:01:57]} 34. gxh4 {[%clk 0:01:39]} Nxh4+
{[%clk 0:02:22]} 35. Kh1 {[%clk 0:01:54]} Qe7 {[%clk 0:02:34]} 36. Ng3
{[%clk 0:01:48]} Qg5 {[%clk 0:02:39]} 37. Nf5+ {[%clk 0:01:35]} Nxf5
{[%clk 0:02:59]} 38. Qxe5+ {[%clk 0:01:20]} f6 {[%clk 0:01:28]} 39. Qxf5
{[%clk 0:01:08]} Qxd2 {[%clk 0:01:52]} 40. e5 {[%clk 0:30:46]} Qg5
{[%clk 0:31:28]} 41. exf6+ {[%clk 0:29:59]} Qxf6 {[%clk 0:31:52]} 42. Qd7+
{[%clk 0:29:31]} Kh6 {[%clk 0:32:15]} 43. Re1 {[%clk 0:29:43]} Rcd8
{[%clk 0:31:24]} 44. Qe6 {[%clk 0:23:24]} Rd6 {[%clk 0:27:11]} 45. Qe3+
{[%clk 0:22:03]} Qg5 {[%clk 0:26:38]} 46. Qxg5+ {[%clk 0:19:50]} Kxg5
{[%clk 0:27:00]} 47. Re7 {[%clk 0:20:18]} Rf8 {[%clk 0:26:53]} 48. Kg2
{[%clk 0:13:52]} Rdf6 {[%clk 0:26:21]} 49. Re2 {[%clk 0:12:48]} h4
{[%clk 0:25:58]} 50. Ra2 {[%clk 0:08:57]} h3+ {[%clk 0:21:25]} 51. Kg1
{[%clk 0:07:41]} Re8 {[%clk 0:20:28]} 52. Kh2 {[%clk 0:05:52]} Kh4
{[%clk 0:20:13]} 0-1